[Event "Aeroflot Open A 2016"]
[Site "Moscow RUS"]
[Date "2016.03.03"]
[Round "3.28"]
[White "Esipenko, Andrey"]
[Black "Eliseev, Urii"]
[Result "1/2-1/2"]
[WhiteElo "2445"]
[BlackElo "2601"]
[PlyCount "118"]
[EventDate "2016.03.01"]

1. Nf3 Nf6 2. g3 g6 3. Bg2 Bg7 4. O-O O-O 5. d4 b6 6. c4 Bb7 7. Nc3 Ne4 8. Nxe4
Bxe4 9. Be3 c5 10. Qd2 d6 11. Bh6 Nd7 12. Bxg7 Kxg7 13. Rfd1 Qc7 14. Rac1 Qb7
15. b3 cxd4 16. Qxd4+ Nf6 17. Nh4 Rfc8 18. Bxe4 Qxe4 19. Qxe4 Nxe4 20. Ng2 Rc5
21. Ne3 Rac8 22. Rd4 f5 23. f3 Nf6 24. Rcd1 Kf7 25. Kf2 Ke6 26. h3 g5 27. a4 a5
28. h4 h6 29. hxg5 hxg5 30. Rh1 Re5 31. Rh6 Kf7 32. Rh1 Rf8 33. g4 f4 34. Nf5
Rc8 35. e3 fxe3+ 36. Nxe3 Rf8 37. Nf5 Ke8 38. Rh6 Kd7 39. Rg6 Kc6 40. Rd3 Kc5
41. Rg7 Nxg4+ 42. fxg4 e6 43. Rc7+ Kb4 44. Rc6 exf5 45. Rxb6+ Ka3 46. Rbxd6
fxg4+ 47. Kg3 Re4 48. R6d5 Rh8 49. Kg2 Re2+ 50. Kg3 Rh4 51. R5d4 Re1 52. c5
Rg1+ 53. Kf2 Rc1 54. b4+ Kxa4 55. bxa5+ Kxa5 56. c6 Rxc6 57. Kg3 Rch6 58. Rd5+
Kb6 59. Rd6+ Kc7 1/2-1/2

[Event "Aeroflot Open A 2016"]
[Site "Moscow RUS"]
[Date "2016.03.03"]
[Round "3.29"]
[White "Sarana, Alexey"]
[Black "Azarov, Sergei"]
[Result "0-1"]
[WhiteElo "2433"]
[BlackElo "2599"]
[PlyCount "102"]
[EventDate "2016.03.01"]

1. Nf3 Nf6 2. g3 b6 3. d4 Bb7 4. c4 e6 5. Bg2 Be7 6. Nc3 Ne4 7. Bd2 Bf6 8. Qc2
Nxd2 9. Qxd2 O-O 10. e4 d6 11. O-O Nd7 12. Rad1 g6 13. d5 a5 14. Nd4 Nc5 15.
Rfe1 Bg7 16. Bh3 Qe7 17. Re2 Rae8 18. Qc2 Qg5 19. a3 a4 20. Nxa4 Qh5 21. Bf1
exd5 22. exd5 Bxd4 23. Rxd4 Nxa4 24. Rxe8 Rxe8 25. Qxa4 Re1 26. Qc2 Bc8 27. Qd2
Qe5 28. Kg2 Bf5 29. f3 h5 30. Kf2 Rb1 31. Be2 Rh1 32. Kg2 Rb1 33. Bd1 Kg7 34.
Qf2 Rc1 35. Bb3 Rb1 36. Rd2 Qf6 37. Bd1 g5 38. h4 g4 39. fxg4 Be4+ 40. Kg1 Qf3
41. Qe1 Rxd1 42. Qxd1 Qxg3+ 43. Kf1 hxg4 44. h5 f5 45. Qa4 Bd3+ 46. Rxd3 Qxd3+
47. Kf2 Qd2+ 48. Kg3 Qe3+ 49. Kg2 Kh6 50. Qd7 Qf3+ 51. Kg1 g3 0-1

[Event "Aeroflot Open A 2016"]
[Site "Moscow RUS"]
[Date "2016.03.03"]
[Round "3.30"]
[White "Timofeev, Artyom"]
[Black "Swayams, Mishra"]
[Result "1/2-1/2"]
[WhiteElo "2593"]
[BlackElo "2470"]
[PlyCount "21"]
[EventDate "2016.03.01"]

1. e4 e6 2. d4 d5 3. Nd2 Be7 4. Ngf3 Nf6 5. exd5 exd5 6. Bd3 O-O 7. h3 Re8 8.
O-O Nc6 9. c3 Bd6 10. Qc2 g6 11. Re1 1/2-1/2

[Event "Aeroflot Open A 2016"]
[Site "Moscow RUS"]
[Date "2016.03.03"]
[Round "3.32"]
[White "Gasanov, Eldar"]
[Black "Jobava, Baadur"]
[Result "0-1"]
[WhiteElo "2503"]
[BlackElo "2676"]
[PlyCount "122"]
[EventDate "2016.03.01"]

1. d4 Nf6 2. c4 e6 3. Nc3 Bb4 4. Qc2 d5 5. cxd5 Qxd5 6. Nf3 Qf5 7. Qxf5 exf5 8.
Bd2 c6 9. a3 Bd6 10. Bg5 Nbd7 11. e3 h6 12. Bh4 f4 13. exf4 Bxf4 14. Bc4 O-O
15. O-O Nb6 16. Bb3 Nfd5 17. Nxd5 cxd5 18. Bc2 Bg4 19. Bg3 Rfc8 20. Bd3 Bxf3
21. gxf3 Bg5 22. Rfe1 Nc4 23. Re2 Nd2 24. Kg2 Nb3 25. Rd1 Rc1 26. Ree1 Rxd1 27.
Rxd1 Nxd4 28. Bb1 Bf6 29. Ba2 Rd8 30. b4 b6 31. a4 h5 32. b5 Kf8 33. Rd3 Ke7
34. h4 g6 35. Kh3 Rd7 36. Kg2 Kf8 37. Kh3 Kg7 38. Kg2 Nc2 39. Rxd5 Re7 40. Rd8
Re2 41. Rd7 Ne1+ 42. Kf1 Rxa2 43. Kxe1 Rxa4 44. Bb8 Ra5 45. Bxa7 Rxb5 46. Rd6
Rb1+ 47. Ke2 b5 48. Bd4 Bxd4 49. Rxd4 Rc1 50. Rd5 b4 51. Rb5 Rc4 52. Ke3 Rc3+
53. Kf4 b3 54. Rb6 Kf8 55. Rb7 Ke8 56. Kg3 f6 57. Kf4 Kd8 58. Rb5 Kc7 59. Ke4
Kc6 60. Rb8 Kc5 61. f4 Rc4+ 0-1

[Event "Aeroflot Open A 2016"]
[Site "Moscow RUS"]
[Date "2016.03.03"]
[Round "3.33"]
[White "Lei, Tingjie"]
[Black "Socko, Bartosz"]
[Result "1-0"]
[WhiteElo "2495"]
[BlackElo "2587"]
[PlyCount "99"]
[EventDate "2016.03.01"]

1. Nf3 Nf6 2. g3 b5 3. Bg2 Bb7 4. Na3 a6 5. c4 b4 6. Nc2 e6 7. d4 Be4 8. O-O
Be7 9. a3 bxa3 10. Nxa3 c5 11. dxc5 Bxc5 12. Nb1 Bb7 13. Nc3 Nc6 14. Na4 Be7
15. Be3 d6 16. Nd4 Qc7 17. Nxc6 Bxc6 18. Bxc6+ Qxc6 19. Nb6 Ra7 20. Qa4 Qxa4
21. Rxa4 Ng4 22. Bd4 Bf6 23. c5 d5 24. Bxf6 Nxf6 25. Rfa1 Kd8 26. Rxa6 Rxa6 27.
Rxa6 Kc7 28. b4 Kc6 29. Ra7 Rf8 30. f3 g5 31. g4 h6 32. Kf2 Kb5 33. Nd7 Nxd7
34. Rxd7 Kxb4 35. c6 Kc5 36. c7 Rc8 37. Rxf7 Kd6 38. Rh7 Rxc7 39. Rxh6 d4 40.
Rh5 Rc5 41. Ke1 Re5 42. Kd2 Kd5 43. f4 Re4 44. Rxg5+ Kd6 45. h4 Rxf4 46. h5 Ke7
47. h6 Rf8 48. Rg7+ Kf6 49. g5+ Kf5 50. h7 1-0

[Event "Aeroflot Open A 2016"]
[Site "Moscow RUS"]
[Date "2016.03.03"]
[Round "3.34"]
[White "Debashis, Das"]
[Black "Kunin, Vitaly"]
[Result "0-1"]
[WhiteElo "2471"]
[BlackElo "2584"]
[PlyCount "42"]
[EventDate "2016.03.01"]

1. d4 d5 2. c4 dxc4 3. e3 e5 4. Bxc4 Nc6 5. Nf3 e4 6. Nfd2 Qg5 7. Nxe4 Qxg2 8.
Ng3 Nf6 9. Bf1 Qd5 10. Nc3 Bb4 11. Bd2 Qd6 12. a3 Bxc3 13. bxc3 O-O 14. Bg2 Be6
15. e4 Bc4 16. f4 Qd7 17. Bf3 Rad8 18. Be3 Qh3 19. Kf2 Rfe8 20. d5 Qh4 21. Rb1
Nxe4+ 0-1

[Event "Aeroflot Open A 2016"]
[Site "Moscow RUS"]
[Date "2016.03.03"]
[Round "3.35"]
[White "Kulaots, Kaido"]
[Black "Yuffa, Daniil"]
[Result "1/2-1/2"]
[WhiteElo "2578"]
[BlackElo "2502"]
[PlyCount "69"]
[EventDate "2016.03.01"]

1. e4 Nf6 2. e5 Nd5 3. d4 d6 4. c4 Nb6 5. f4 dxe5 6. fxe5 Nc6 7. Be3 Bf5 8. Nc3
e6 9. Nf3 Be7 10. d5 exd5 11. cxd5 Nb4 12. Nd4 Bd7 13. Qf3 c5 14. dxc6 Bxc6 15.
Nxc6 bxc6 16. Qe4 N6d5 17. Bf2 O-O 18. Bc4 Nxc3 19. bxc3 Nd5 20. O-O Nxc3 21.
Qxc6 Rc8 22. Qa6 Bc5 23. Kh1 Ne4 24. Bxc5 Rxc5 25. Bxf7+ Rxf7 26. Rxf7 Kxf7 27.
Qb7+ Qc7 28. Rf1+ Ke7 29. Qxe4 Rc1 30. Qb4+ Qc5 31. Qb7+ Qc7 32. Qb4+ Qc5 33.
Qb7+ Qc7 34. Qb4+ Qc5 35. Qb7+ 1/2-1/2

[Event "Aeroflot Open A 2016"]
[Site "Moscow RUS"]
[Date "2016.03.03"]
[Round "3.36"]
[White "Lalith, Babu M R"]
[Black "Firouzja, Alireza"]
[Result "1-0"]
[WhiteElo "2573"]
[BlackElo "2475"]
[PlyCount "77"]
[EventDate "2016.03.01"]

1. Nf3 Nf6 2. c4 g6 3. Nc3 Bg7 4. e4 d6 5. d4 O-O 6. h3 e5 7. d5 a5 8. Bg5 Na6
9. Bd3 Qe8 10. Qd2 Nh5 11. O-O-O Nf4 12. Bxf4 exf4 13. Qxf4 a4 14. a3 Nc5 15.
Nb5 Qe7 16. Rhe1 Bd7 17. Nbd4 Rfe8 18. Bc2 Rab8 19. Nb5 Bxb5 20. cxb5 Qd7 21.
Nd4 Re7 22. Qd2 Rbe8 23. f3 f5 24. Qb4 fxe4 25. fxe4 Bxd4 26. Rxd4 Ra8 27. b6
cxb6 28. Qxb6 Re5 29. Kb1 Qe7 30. Re2 Qf6 31. Ka2 Re7 32. Rb4 Ra6 33. Qb5 Qf1
34. e5 Nd7 35. e6 Nf6 36. Bd3 Qd1 37. Rf2 Kg7 38. Qc4 Ra8 39. Rxf6 1-0

[Event "Aeroflot Open A 2016"]
[Site "Moscow RUS"]
[Date "2016.03.03"]
[Round "3.37"]
[White "Igonin, Temur"]
[Black "Sivuk, Vitaly"]
[Result "1/2-1/2"]
[WhiteElo "2470"]
[BlackElo "2554"]
[PlyCount "120"]
[EventDate "2016.03.01"]

1. e4 g6 2. d4 Bg7 3. Nf3 d6 4. Be2 Nf6 5. Nc3 O-O 6. O-O a6 7. a4 b6 8. Re1 e6
9. e5 dxe5 10. Nxe5 Bb7 11. Bf3 Nd5 12. Nxd5 exd5 13. Bf4 a5 14. c3 Nc6 15. Qb3
Nxe5 16. dxe5 Qd7 17. Rad1 Rad8 18. Bg5 Rde8 19. Bxd5 Bxd5 20. Rxd5 Qe6 21. Qd1
f6 22. Bh4 fxe5 23. Bg3 Rf5 24. h3 h5 25. Rd7 Re7 26. Qd5 Qxd5 27. Rxd5 e4 28.
Red1 Kf7 29. Rd7 Be5 30. Rxe7+ Kxe7 31. Bxe5 Rxe5 32. Kf1 b5 33. Ra1 Kd6 34.
Ke2 Kc5 35. axb5 Kxb5 36. b3 Rg5 37. Ra4 Rxg2 38. Rxe4 Rh2 39. h4 Rh3 40. f3 c5
41. Re6 a4 42. c4+ Ka5 43. bxa4 Rxh4 44. Kd3 Rd4+ 45. Kc3 Rf4 46. Rxg6 Rxf3+
47. Kd2 h4 48. Rh6 h3 49. Rh5 Kb4 50. a5 Ra3 51. Kc1 Kxa5 52. Rxc5+ Kb4 53. Rh5
Kxc4 54. Rh4+ Kd5 55. Kb2 Rg3 56. Kc2 Ke5 57. Kd2 Ra3 58. Ke2 h2 59. Kf2 Ra1
60. Rxh2 Ra2+ 1/2-1/2

[Event "Aeroflot Open A 2016"]
[Site "Moscow RUS"]
[Date "2016.03.03"]
[Round "3.38"]
[White "Karavade, Eesha"]
[Black "Pichot, Alan"]
[Result "0-1"]
[WhiteElo "2395"]
[BlackElo "2542"]
[PlyCount "114"]
[EventDate "2016.03.01"]

1. e4 c5 2. Nf3 e6 3. g3 Nc6 4. Bg2 Nf6 5. Qe2 e5 6. c3 d6 7. O-O Be7 8. Rd1
Qc7 9. h3 O-O 10. Na3 a6 11. Nc2 Re8 12. Ne3 Bf8 13. Nh2 b5 14. Nhg4 Nxg4 15.
hxg4 Rb8 16. Nd5 Qd7 17. Bf3 Bb7 18. d3 Ne7 19. Nxe7+ Bxe7 20. d4 cxd4 21. cxd4
exd4 22. Rxd4 Bf6 23. Rd3 Be5 24. Be3 Qe6 25. a3 Rbc8 26. Rad1 Rc4 27. b3 Rxe4
28. Qd2 h6 29. Bg2 Qe7 30. Qe2 a5 31. f3 Rd4 32. Qf2 Rxd3 33. Rxd3 Qe6 34. f4
Bxg2 35. Kxg2 Qxg4 36. Qf3 Qg6 37. Rd5 Bb2 38. f5 Qf6 39. Rxb5 Bxa3 40. Bf2 Bb4
41. Qc6 Qe7 42. f6 gxf6 43. Rf5 Qe4+ 44. Qxe4 Rxe4 45. Kf3 Re6 46. Bd4 Kg7 47.
g4 Bc5 48. Bxc5 dxc5 49. Rxc5 Re5 50. Rc3 Rb5 51. Kf4 Kg6 52. Rd3 f5 53. Rd6+
f6 54. gxf5+ Rxf5+ 55. Kg3 Rb5 56. Rd3 Kg5 57. Rc3 h5 0-1

[Event "Aeroflot Open A 2016"]
[Site "Moscow RUS"]
[Date "2016.03.03"]
[Round "3.39"]
[White "Xu, Yinglun"]
[Black "Kovalevskaya, Ekaterina"]
[Result "1-0"]
[WhiteElo "2518"]
[BlackElo "2462"]
[PlyCount "95"]
[EventDate "2016.03.01"]

1. c4 Nf6 2. Nc3 e5 3. Nf3 Nc6 4. g3 Bb4 5. Bg2 Bxc3 6. bxc3 O-O 7. O-O Re8 8.
d3 e4 9. Nd4 h6 10. dxe4 Nxe4 11. Qc2 Nf6 12. Rd1 Qe7 13. Be3 Ng4 14. Bf4 Nge5
15. Qa4 d6 16. c5 dxc5 17. Nxc6 Nxc6 18. Bxc6 bxc6 19. Qxc6 Bh3 20. Rd2 Rad8
21. Rb2 Rd7 22. Re1 Red8 23. f3 Be6 24. Kf2 c4 25. Qa4 Qc5+ 26. Be3 Qh5 27. h4
Qf5 28. Rh1 Qe5 29. Rc1 Qf5 30. Rbb1 Bd5 31. Qc2 Qh3 32. Rh1 Qe6 33. Rbc1 a6
34. Bc5 Bc6 35. Bd4 f5 36. Be3 Re8 37. Bd4 Ba4 38. Qxa4 Qxe2+ 39. Kg1 c5 40.
Rf1 cxd4 41. Qxd7 Qe5 42. Kg2 d3 43. Re1 Qxe1 44. Rxe1 Rxe1 45. Qc8+ Kh7 46.
Qxf5+ Kh8 47. Qc8+ Kh7 48. Qxc4 1-0

[Event "Aeroflot Open A 2016"]
[Site "Moscow RUS"]
[Date "2016.03.03"]
[Round "3.40"]
[White "Aravindh, Chithambaram VR"]
[Black "Anton Guijarro, David"]
[Result "1-0"]
[WhiteElo "2506"]
[BlackElo "2641"]
[PlyCount "53"]
[EventDate "2016.03.01"]

1. e4 e6 2. d4 d5 3. Bd3 dxe4 4. Bxe4 Nf6 5. Bf3 c5 6. Ne2 Be7 7. Nbc3 O-O 8.
O-O Qa5 9. Bd2 Qa6 10. a4 Nc6 11. Nb5 Qb6 12. Bf4 Ne8 13. c4 a6 14. a5 Nxa5 15.
dxc5 Bxc5 16. b4 Nxc4 17. bxc5 Qxb5 18. Qd4 e5 19. Bxe5 Nxe5 20. Qxe5 Nf6 21.
Nc3 Qe8 22. Qxe8 Rxe8 23. c6 Rb8 24. c7 Ra8 25. Rfd1 Bd7 26. Bxb7 Ra7 27. Rxd7
1-0

[Event "Aeroflot Open A 2016"]
[Site "Moscow RUS"]
[Date "2016.03.03"]
[Round "3.41"]
[White "Korchmar, Vasiliy"]
[Black "Sandipan, Chanda"]
[Result "0-1"]
[WhiteElo "2450"]
[BlackElo "2577"]
[PlyCount "106"]
[EventDate "2016.03.01"]

1. d4 d5 2. c4 c6 3. cxd5 cxd5 4. Bf4 Nc6 5. e3 Nf6 6. Nc3 Bf5 7. Qb3 Na5 8.
Qa4+ Bd7 9. Qc2 e6 10. Nf3 Be7 11. Bd3 Nc6 12. a3 Nh5 13. Be5 f6 14. Bf4 f5 15.
Be5 O-O 16. h3 Nf6 17. Bh2 Ne4 18. O-O Rc8 19. Bxe4 fxe4 20. Ne5 Nxe5 21. Bxe5
Bb5 22. Rfc1 Bh4 23. g3 Bf6 24. Qd2 Bxe5 25. Nxb5 Rxc1+ 26. Rxc1 Bb8 27. Rc2 h5
28. h4 g5 29. hxg5 Qxg5 30. Qc1 Qf5 31. Qf1 Kh7 32. Qg2 h4 33. Nc3 h3 34. Qh1
Kg7 35. Kh2 a6 36. Qd1 Rf6 37. Qg1 Kg6 38. Qf1 Kg5 39. Qd1 Qg4 40. Qg1 Qf3 41.
Qh1 Qxh1+ 42. Kxh1 Kg4 43. Nb1 Bxg3 44. fxg3 Rf1+ 45. Kh2 Rxb1 46. Rf2 b5 47.
Rf4+ Kg5 48. Kxh3 Rxb2 49. Rg4+ Kf6 50. Rf4+ Ke7 51. g4 Rb3 52. g5 Rxe3+ 53.
Kh4 Rf3 0-1

[Event "Aeroflot Open A 2016"]
[Site "Moscow RUS"]
[Date "2016.03.03"]
[Round "3.42"]
[White "Wang, Yiye"]
[Black "Maiorov, Nikita1"]
[Result "1/2-1/2"]
[WhiteElo "2445"]
[BlackElo "2558"]
[PlyCount "28"]
[EventDate "2016.03.01"]

1. e4 e5 2. Nf3 Nc6 3. Bc4 Bc5 4. O-O d6 5. c3 Nf6 6. d3 O-O 7. h3 Be6 8. Nbd2
a6 9. Re1 h6 10. a4 Ba7 11. Bb3 Re8 12. Nf1 d5 13. Bc2 dxe4 14. dxe4 Qxd1
1/2-1/2

[Event "Aeroflot Open A 2016"]
[Site "Moscow RUS"]
[Date "2016.03.04"]
[Round "4.1"]
[White "Matlakov, Maxim"]
[Black "Najer, Evgeniy"]
[Result "1/2-1/2"]
[WhiteElo "2682"]
[BlackElo "2664"]
[PlyCount "35"]
[EventDate "2016.03.01"]

1. d4 d5 2. c4 c6 3. Nf3 Nf6 4. e3 Bg4 5. cxd5 Bxf3 6. Qxf3 cxd5 7. Bd3 Nc6 8.
O-O e6 9. a3 Bd6 10. b4 h5 11. Qe2 Ng4 12. h3 Bh2+ 13. Kh1 Bc7 14. Nd2 Qd6 15.
f4 Nf6 16. Nf3 Ne7 17. Bd2 Kf8 18. Be1 1/2-1/2

[Event "Aeroflot Open A 2016"]
[Site "Moscow RUS"]
[Date "2016.03.04"]
[Round "4.2"]
[White "Bartel, Mateusz"]
[Black "Vallejo Pons, Francisco"]
[Result "1/2-1/2"]
[WhiteElo "2625"]
[BlackElo "2677"]
[PlyCount "50"]
[EventDate "2016.03.01"]

1. e4 e5 2. Nf3 Nc6 3. Bb5 Nf6 4. d3 Bc5 5. Bxc6 dxc6 6. Nbd2 Be6 7. Nb3 Bb6 8.
h3 Qe7 9. Ng5 Bxb3 10. axb3 O-O-O 11. Qe2 Nd7 12. Nf3 Nf8 13. Be3 a6 14. O-O f6
15. Rfd1 Ne6 16. c3 Bxe3 17. Qxe3 Kb8 18. d4 exd4 19. cxd4 Rhe8 20. Rd2 g5 21.
Re1 Nf4 22. Rc2 Rd6 23. e5 Re6 24. Qe4 h6 25. g3 Nd5 1/2-1/2

[Event "Aeroflot Open A 2016"]
[Site "Moscow RUS"]
[Date "2016.03.04"]
[Round "4.3"]
[White "Dubov, Daniil"]
[Black "Goganov, Aleksey"]
[Result "1/2-1/2"]
[WhiteElo "2634"]
[BlackElo "2575"]
[PlyCount "84"]
[EventDate "2016.03.01"]

1. Nf3 Nf6 2. c4 b6 3. g3 Bb7 4. Bg2 e6 5. O-O Be7 6. d4 O-O 7. d5 exd5 8. Nd4
c6 9. cxd5 Nxd5 10. e4 Nc7 11. Nc3 d5 12. Bf4 Nba6 13. Nxc6 Bxc6 14. exd5 Bb7
15. d6 Bxg2 16. dxe7 Qxe7 17. Kxg2 Rfd8 18. Qf3 Ne6 19. Be3 Nb4 20. Rad1 Rxd1
21. Rxd1 Rd8 22. Rxd8+ Qxd8 23. Qe4 Nd3 24. b4 Ne1+ 25. Kf1 Qd3+ 26. Qxd3 Nxd3
27. Nd5 Kf8 28. Ke2 Ne5 29. f4 Nc6 30. Kd3 Ke8 31. Kc4 Kd7 32. a4 Kd6 33. Nc3
f5 34. a5 bxa5 35. b5 Nb8 36. Bxa7 Nd7 37. Na4 g5 38. fxg5 Nxg5 39. Be3 Ne6 40.
Kb3 h5 41. Nb6 Nec5+ 42. Bxc5+ Ke5 1/2-1/2

[Event "Aeroflot Open A 2016"]
[Site "Moscow RUS"]
[Date "2016.03.04"]
[Round "4.4"]
[White "Nepomniachtchi, Ian"]
[Black "Wen, Yang"]
[Result "1/2-1/2"]
[WhiteElo "2704"]
[BlackElo "2609"]
[PlyCount "60"]
[EventDate "2016.03.01"]

1. Nf3 d5 2. g3 g6 3. Bg2 Bg7 4. O-O e5 5. c4 d4 6. d3 Ne7 7. b4 O-O 8. Nbd2 a5
9. b5 c5 10. bxc6 Nexc6 11. Rb1 Na6 12. Re1 h6 13. Bb2 Qc7 14. Ba1 Rb8 15. Rb5
Na7 16. Rb2 Bd7 17. e3 Nc5 18. Nb3 Ba4 19. exd4 exd4 20. Qb1 Bxb3 21. axb3 Nc6
22. Rbe2 Qb6 23. Nd2 Nb4 24. Rd1 Rbe8 25. Rxe8 Rxe8 26. Bf1 Nc6 27. Qc2 Nb4 28.
Qb1 Nc6 29. Qc2 Nb4 30. Qb1 Nc6 1/2-1/2

[Event "Aeroflot Open A 2016"]
[Site "Moscow RUS"]
[Date "2016.03.04"]
[Round "4.6"]
[White "Bu, Xiangzhi"]
[Black "Salem, A.R. Saleh"]
[Result "1/2-1/2"]
[WhiteElo "2724"]
[BlackElo "2615"]
[PlyCount "48"]
[EventDate "2016.03.01"]

1. Nf3 c5 2. c4 Nf6 3. g3 d5 4. cxd5 Nxd5 5. Bg2 Nc6 6. d4 cxd4 7. Nxd4 Ndb4 8.
Nxc6 Qxd1+ 9. Kxd1 Nxc6 10. Bxc6+ bxc6 11. Be3 e5 12. Nd2 f6 13. Rc1 Be6 14. f3
Bxa2 15. Rxc6 Bb4 16. b3 a5 17. Bc5 Kd7 18. Rd6+ Ke7 19. Rd5+ Bxc5 20. Rxc5
Rhd8 21. Kc2 a4 22. bxa4 Rxa4 23. Rc7+ Kd6 24. Rc3 Bd5 1/2-1/2

[Event "Aeroflot Open A 2016"]
[Site "Moscow RUS"]
[Date "2016.03.04"]
[Round "4.7"]
[White "Cordova, Emilio"]
[Black "Korobov, Anton"]
[Result "1/2-1/2"]
[WhiteElo "2610"]
[BlackElo "2713"]
[PlyCount "52"]
[EventDate "2016.03.01"]

1. Nf3 Nf6 2. c4 g6 3. g3 Bg7 4. Bg2 O-O 5. O-O d6 6. Nc3 e5 7. d4 Nbd7 8. Qc2
exd4 9. Nxd4 Nb6 10. Rd1 Nxc4 11. Ncb5 a6 12. Nxc7 Qxc7 13. b3 Nd7 14. Qxc4
Qxc4 15. bxc4 Nb6 16. Rb1 Nxc4 17. Bd5 Ne5 18. Bxb7 Bxb7 19. Rxb7 Rfb8 20.
Rxb8+ Rxb8 21. Nb3 Nc4 22. Bf4 Be5 23. Nd2 Nxd2 24. Bxd2 Rb2 25. a3 Ra2 26. Bb4
Rxe2 1/2-1/2

[Event "Aeroflot Open A 2016"]
[Site "Moscow RUS"]
[Date "2016.03.04"]
[Round "4.8"]
[White "Inarkiev, Ernesto"]
[Black "Bok, Benjamin"]
[Result "1/2-1/2"]
[WhiteElo "2677"]
[BlackElo "2611"]
[PlyCount "103"]
[EventDate "2016.03.01"]

1. e4 e5 2. Nf3 Nc6 3. Bb5 Nf6 4. d3 Bc5 5. Bxc6 dxc6 6. Nbd2 O-O 7. Nc4 Nd7 8.
Qe2 f6 9. Bd2 Nb6 10. Ne3 Be6 11. a4 Nc8 12. a5 Ne7 13. b4 Bd6 14. O-O c5 15.
b5 a6 16. c4 Ng6 17. g3 axb5 18. cxb5 Qd7 19. Rfb1 Rfd8 20. Bc3 Bf8 21. Ne1 Ne7
22. Nc4 Nc8 23. b6 cxb6 24. Nxb6 Nxb6 25. Rxb6 Qf7 26. Nc2 Rd7 27. Rd1 Rad8 28.
Rd2 h5 29. h4 c4 30. d4 exd4 31. Nxd4 Bc5 32. Nxe6 Rxd2 33. Bxd2 Bxb6 34. Nxd8
Bxd8 35. Bc3 Qe6 36. Kg2 Bc7 37. Qxh5 Qxe4+ 38. Qf3 f5 39. Qxe4 fxe4 40. Kf1
Bd6 41. Ke2 Bc5 42. f3 exf3+ 43. Kxf3 g6 44. g4 Be7 45. Be1 c3 46. Bxc3 Bxh4
47. Ke4 Kf7 48. Kd5 Ke7 49. Kc5 Kd7 50. Kb6 Kc8 51. Kc5 Kd7 52. Kb6 1/2-1/2

[Event "Aeroflot Open A 2016"]
[Site "Moscow RUS"]
[Date "2016.03.04"]
[Round "4.10"]
[White "Sjugirov, Sanan"]
[Black "Petrosian, Tigran L"]
[Result "1-0"]
[WhiteElo "2667"]
[BlackElo "2607"]
[PlyCount "57"]
[EventDate "2016.03.01"]

1. e4 c5 2. Nf3 d6 3. d4 cxd4 4. Nxd4 Nf6 5. Nc3 g6 6. Be3 Bg7 7. f3 Nc6 8. Qd2
O-O 9. O-O-O Nxd4 10. Bxd4 Be6 11. Kb1 Qc7 12. h4 Rfc8 13. h5 Qa5 14. hxg6 hxg6
15. a3 Rab8 16. Bd3 b5 17. Qg5 Qc7 18. e5 dxe5 19. Bxe5 Qc5 20. f4 Rb7 21. Bxg6
fxg6 22. Qxg6 Bf5 23. Qxf5 b4 24. Qe6+ Kf8 25. Bxf6 exf6 26. Rh5 Qc7 27. axb4
Rxb4 28. Rd7 Rxb2+ 29. Ka1 1-0

[Event "Aeroflot Open A 2016"]
[Site "Moscow RUS"]
[Date "2016.03.04"]
[Round "4.11"]
[White "Bachmann, Axel"]
[Black "Swiercz, Dariusz"]
[Result "1/2-1/2"]
[WhiteElo "2609"]
[BlackElo "2665"]
[PlyCount "78"]
[EventDate "2016.03.01"]

1. e4 e5 2. Nf3 Nc6 3. Bc4 Bc5 4. c3 Nf6 5. d4 exd4 6. e5 d5 7. Bb5 Ne4 8. cxd4
Bb6 9. Nc3 O-O 10. Be3 Bg4 11. Qc2 Bf5 12. Qb3 Na5 13. Qa4 c6 14. Be2 Nxc3 15.
bxc3 Bc7 16. Bg5 Qd7 17. O-O h6 18. Bh4 b5 19. Qd1 Nc4 20. Ne1 f6 21. exf6 g5
22. Bg3 Rxf6 23. Nd3 Bxg3 24. hxg3 Bxd3 25. Qxd3 Raf8 26. Qc2 Qf7 27. Bd3 Re8
28. Rfe1 Rxe1+ 29. Rxe1 Re6 30. Qc1 Qe7 31. Rxe6 Qxe6 32. Bxc4 dxc4 33. Qa3
Qe1+ 34. Kh2 Qxf2 35. Qd6 Qf7 36. Qxc6 Qh5+ 37. Kg1 Qd1+ 38. Kh2 Qh5+ 39. Kg1
Qd1+ 1/2-1/2

[Event "Aeroflot Open A 2016"]
[Site "Moscow RUS"]
[Date "2016.03.04"]
[Round "4.12"]
[White "Fedoseev, Vladimir3"]
[Black "Bocharov, Dmitry"]
[Result "1-0"]
[WhiteElo "2664"]
[BlackElo "2595"]
[PlyCount "57"]
[EventDate "2016.03.01"]

1. e4 c5 2. Nf3 d6 3. d4 cxd4 4. Nxd4 Nf6 5. Nc3 a6 6. Be2 e5 7. Nb3 Be7 8. O-O
O-O 9. Be3 Nbd7 10. a4 b6 11. Bc4 Bb7 12. Nd2 Qc7 13. Qe2 Nc5 14. Rfd1 Rfd8 15.
Bxc5 Qxc5 16. Nf1 b5 17. Bb3 bxa4 18. Rxa4 Bc6 19. Rc4 Qb6 20. Ne3 a5 21. g4
Qb7 22. g5 Nd7 23. Rxc6 Qxc6 24. Nf5 Bf8 25. Qf3 Kh8 26. Nh4 Nc5 27. Bxf7 Qd7
28. Ng6+ hxg6 29. Bxg6 1-0

[Event "Aeroflot Open A 2016"]
[Site "Moscow RUS"]
[Date "2016.03.04"]
[Round "4.13"]
[White "Jumabayev, Rinat"]
[Black "Zvjaginsev, Vadim"]
[Result "0-1"]
[WhiteElo "2607"]
[BlackElo "2662"]
[PlyCount "82"]
[EventDate "2016.03.01"]

1. c4 c5 2. g3 e6 3. Bg2 Nf6 4. Nf3 d5 5. O-O Be7 6. b3 O-O 7. Bb2 Nc6 8. e3
Re8 9. Ne5 Nxe5 10. Bxe5 Bd7 11. d3 Bc6 12. Nd2 Nd7 13. Bb2 Bf6 14. Bxf6 Qxf6
15. Rc1 Rad8 16. cxd5 exd5 17. Qc2 Ne5 18. d4 cxd4 19. exd4 Ng6 20. Nf3 Bd7 21.
Qd2 h6 22. Rfe1 Bf5 23. h4 Be4 24. Rc3 Rc8 25. Rec1 Rxc3 26. Rxc3 Qf5 27. Kh2
Qh5 28. Qe2 a6 29. Bh3 Ne7 30. Ng1 Qxe2 31. Nxe2 Nf5 32. Kg1 b5 33. f3 b4 34.
fxe4 bxc3 35. Bxf5 g6 36. Bg4 Rxe4 37. Nxc3 Rxg4 38. Kf2 h5 39. Ne2 Re4 40. b4
Kf8 41. a4 Ke7 0-1

[Event "Aeroflot Open A 2016"]
[Site "Moscow RUS"]
[Date "2016.03.04"]
[Round "4.14"]
[White "Bluebaum, Matthias"]
[Black "Rakhmanov, Aleksandr"]
[Result "0-1"]
[WhiteElo "2605"]
[BlackElo "2650"]
[PlyCount "82"]
[EventDate "2016.03.01"]

1. d4 Nf6 2. c4 d6 3. Nf3 g6 4. Nc3 Bf5 5. Nh4 Bd7 6. e4 e5 7. Nf3 exd4 8. Nxd4
Bg7 9. Be2 O-O 10. Be3 Nc6 11. O-O Re8 12. f3 Nh5 13. Nc2 Be5 14. Nd5 Ne7 15.
Bg5 f6 16. Be3 Nxd5 17. Qxd5+ Be6 18. Qd2 f5 19. f4 Bxb2 20. Rab1 Bg7 21. Bxh5
gxh5 22. Bd4 b6 23. Rb3 h4 24. Ne3 Bxd4 25. Qxd4 c5 26. Qd2 Qf6 27. Rd3 fxe4
28. Rxd6 Rad8 29. f5 Qg5 30. Re1 Bf7 31. Rd7 h6 32. Qd6 Rxd7 33. Qxd7 Rd8 34.
Qxa7 Qf4 35. Nd5 Rxd5 36. cxd5 e3 37. Kh1 Bxd5 38. Rg1 h3 39. Qxb6 hxg2+ 40.
Rxg2+ Bxg2+ 41. Kxg2 Qg4+ 0-1

[Event "Aeroflot Open A 2016"]
[Site "Moscow RUS"]
[Date "2016.03.04"]
[Round "4.15"]
[White "Azarov, Sergei"]
[Black "Grachev, Boris"]
[Result "0-1"]
[WhiteElo "2599"]
[BlackElo "2639"]
[PlyCount "72"]
[EventDate "2016.03.01"]

1. e4 e6 2. d4 d5 3. Nd2 c5 4. exd5 Qxd5 5. Ngf3 cxd4 6. Bc4 Qd6 7. O-O Nf6 8.
Nb3 Nc6 9. Nbxd4 Nxd4 10. Nxd4 a6 11. Re1 Qc7 12. Qe2 h6 13. Bd3 Bd6 14. Nf5
Bxh2+ 15. Kh1 Kf8 16. Nxg7 h5 17. g3 Bxg3 18. fxg3 Qxg3 19. Nf5 Qh3+ 20. Qh2
Qxh2+ 21. Kxh2 exf5 22. b3 Be6 23. Bb2 Rh6 24. Kg3 Rg6+ 25. Kf4 Re8 26. Rg1
Nd5+ 27. Kf3 Rg4 28. Be5 Bd7 29. Rge1 Kg8 30. Bb2 Re6 31. Rxe6 fxe6 32. c4 Nf4
33. Bf1 Bc6+ 34. Kf2 h4 35. Rd1 h3 36. Rd8+ Kf7 0-1

[Event "Aeroflot Open A 2016"]
[Site "Moscow RUS"]
[Date "2016.03.04"]
[Round "4.16"]
[White "Dragun, Kamil"]
[Black "Sasikiran, Krishnan"]
[Result "1/2-1/2"]
[WhiteElo "2594"]
[BlackElo "2637"]
[PlyCount "51"]
[EventDate "2016.03.01"]

1. e4 c5 2. Nf3 d6 3. d4 cxd4 4. Nxd4 Nf6 5. Nc3 a6 6. g3 e6 7. Bg2 Be7 8. O-O
Qc7 9. Be3 Nc6 10. a4 O-O 11. Nxc6 bxc6 12. a5 Bb7 13. Bb6 Qc8 14. b4 Nd7 15.
Na4 c5 16. bxc5 dxc5 17. Qe2 Bc6 18. Rfb1 Rb8 19. Bf1 Bxa4 20. Rxa4 Bd8 21.
Qxa6 Qxa6 22. Bxa6 Nxb6 23. axb6 Rxb6 24. Rxb6 Bxb6 25. Bc4 g5 26. Ra6 1/2-1/2